| 000 | 00675nam a2200205 i 4500 | ||
|---|---|---|---|
| 001 | 76318 | ||
| 003 | ES-MaACL | ||
| 005 | 20251013213641.0 | ||
| 007 | t| | ||
| 008 | 040930s1970 sp ||||1| spa d | ||
| 100 | 1 |
_aGueron, Geneviève. _960474 |
|
| 245 | 1 | 0 |
_aEducación sin fronteras / _cGenevieve Gueron, Rachel Cohen y Jean Meyer ; prefacio de Gaston Mialaret ; [traducción por Elena Barceló]. |
| 260 |
_a[Barcelona] : _bVicens-Vives, _c1970. |
||
| 300 |
_a165 p. ; _c20 cm. |
||
| 700 | 1 |
_aCohen, Rachel. _939511 |
|
| 700 | 1 |
_aMeyer, Jean, _d1926- _9140625 |
|
| 700 | 1 |
_aBarceló, Elena. _925501 |
|
| 852 |
_aES-MaACL _jC-48610 _bR.73347 |
||
| 999 |
_c76318 _d76318 |
||